• 首页
  • 本馆介绍
  • 公告通知
  • 最新文献
  • 馆藏检索
  • 电子资源
  • 读者导购
  • 参考咨询
  • 我的图书馆
  • 登录
  • 详细信息显示
  • 放入我的书架
  • 预约/预借图书
  • 作者相关作品
  • 分类相关作品
  • 丛书相关作品
  • 出版社相关作品

书目信息

  • 表格格式
  • 工作单格式
  • 卡片格式
题名:
新编全天星图
    
 
作者:
分册:  
出版信息:   北京天文馆  2000
页数: 18页
开本: 26cm
丛书名:
单 册:
中图分类: P114-62
科图分类:
主题词: 天文观测--观测设备 , 天文观测--资料
电子资源:
ISBN:
000 00478nam0 2200169 450
001 202411143632765875
005 20241115082722.89
100    @a20241114d km y0chiy0120 ea
101 0  @achi
200 1  @a新编全天星图@AXin Bian Quan Tian Xing Tu
210    @c北京天文馆@d2000
215    @a18页@d26cm
606 0  @a天文观测@x观测设备
606 0  @a天文观测@x资料
690    @aP114-62@v4
801  0 @aCN@b大连网信软件有限公司图书馆·11@c20241115
905    @aZUCC@b1439416@dP114-62@e428@f1
    
    新编全天星图.-北京天文馆,2000
    18页;26cm
    
    
    ISBN :
    
●
相关链接 在E读中查询图书 在五车中查询图书 在当当中查询图书 在豆瓣中查询图书


正题名:新编全天星图     索取号:P114-62/428         预约/预借

序号 登录号 条形码 馆藏地/架位号 状态 备注
1 1439416   214394163   密集书库-资源管理系/ [索取号:P114-62/428] 在馆    
唐山师范学院图书馆 欢迎您!
大连网信软件有限公司© 版权所有